书目信息 |
| 题名: |
中国农民工生活质量评价与保障制度研究
|
|
| 作者: | 刘渝琳 , 刘渝妍 著 | |
| 分册: | ||
| 出版信息: | 北京 科学出版社 2010 |
|
| 页数: | 329页 | |
| 开本: | 24cm | |
| 丛书名: | ||
| 单 册: | ||
| 中图分类: | D422.7 , F323.89 | |
| 科图分类: | ||
| 主题词: | 农民--生活--质量--评价--中国 , 农民--社会保障--福利制度--研究--中国 | |
| 电子资源: | ||
| ISBN: | 978-7-03-026872-3 | |
| 000 | 01112nam0 2200277 450 | |
| 001 | 338621 | |
| 005 | 20150602094149.78 | |
| 010 | @a978-7-03-026872-3@dCNY60.00 | |
| 100 | @a20100513d2010 em y0chiy50 ea | |
| 101 | 0 | @achi |
| 102 | @aCN@b110000 | |
| 105 | @ay z 000yy | |
| 106 | @ar | |
| 200 | 1 | @a中国农民工生活质量评价与保障制度研究@Azhong guo nong min gong sheng huo zhi liang ping jia yu bao zhang zhi du yan jiu@f刘渝琳, 刘渝妍著 |
| 210 | @a北京@c科学出版社@d2010 | |
| 215 | @a329页@d24cm | |
| 300 | @a国家哲学社会科学基金资助项目、国家发展和改革委员会“十二五”规划前期重大问题研究项目、重庆市软科研究计划项目研究成果 | |
| 330 | @a本书以农民工生活质量为中心, 以保障制度为重点, 以指标评价体系为主线, 通过理论与实证分析, 探索具有中国特色的“非工非农”群体的农民工生活质量评价及保障机制。 | |
| 606 | 0 | @a农民@x生活@x质量@x评价@y中国 |
| 606 | 0 | @a农民@x社会保障@x福利制度@x研究@y中国 |
| 690 | @aD422.7@v5 | |
| 690 | @aF323.89@v5 | |
| 701 | 0 | @a刘渝琳@Aliu yu lin@c(女)@4著 |
| 701 | 0 | @a刘渝妍@Aliu yu yan@c(女, @f1964)@4著 |
| 801 | 0 | @aCN@b卓展宏图@c20150525 |
| 905 | @dD422.7@e5@f4 | |
| 中国农民工生活质量评价与保障制度研究/刘渝琳, 刘渝妍著.-北京:科学出版社,2010 |
| 329页;24cm |
| 国家哲学社会科学基金资助项目、国家发展和改革委员会“十二五”规划前期重大问题研究项目、重庆市软科研究计划项目研究成果 |
| ISBN 978-7-03-026872-3:CNY60.00 |
| 本书以农民工生活质量为中心, 以保障制度为重点, 以指标评价体系为主线, 通过理论与实证分析, 探索具有中国特色的“非工非农”群体的农民工生活质量评价及保障机制。 |
| ● |
| 相关链接 |
|
|
|
|
正题名:中国农民工生活质量评价与保障制度研究
索取号:D422.7/5
 
预约/预借
| 序号 | 登录号 | 条形码 | 馆藏地/架位号 | 状态 | 备注 |
| 1 | 862914 | 208629144 | 第一样本阅览室/ [索取号:D422.7/5] | 在馆 | |
| 2 | 862915 | 208629153 | 密集书库-史法系/ [索取号:D422.7/5] | 在馆 | |
| 3 | 862916 | 208629162 | 第一借阅区/ [索取号:D422.7/5] | 在馆 | |
| 4 | 862917 | 208629171 | 第一借阅区/ [索取号:D422.7/5] | 在馆 |